Law for librarians : a handbook for librarians in England and Wale

Saved in:
Bibliographic Details
Main Author: McLeod, Ian T.
Other Authors: Cooling, Penelope
Format: Book
Published: London : The Library Association publishing Ltd., c1990.
Subjects:
Tags: Add Tag
No Tags, Be the first to tag this record!

MARC

LEADER 00000nam a22000007a 4500
020 |a 0851574491  |c TZS 58,417.24 
040 |a MUL  |b eng  |e AACR 
082 |a 344.1 MCL 
100 |a  McLeod, Ian T.  
245 |a  Law for librarians :   |b a handbook for librarians in England and Wale  |c / Ian McLeod and Penelope Cooling 
260 |a  London :  |b The Library Association publishing Ltd.,  |c c1990. 
300 |a  ix, 156 p. ;   |c 22 cm. 
504 |a Includes index 
650 |a Law  |z Great Britain 
650 |a Library legislation 
700 |a Cooling, Penelope  
942 |c BK 
999 |c 1068  |d 1068